00817cam7a220026500 4500001001200000008004100012035001900053035001800072100002600090245005800116260001000174949004900184949004100233949004100274949004100315004000600356591002400362591003500386591001700421591003100438591002800469900002300497909001200520999001900532zam00002835951128s1991 xx eng u a(Sirsi) r20174 a(MACHINE)SLC. aNketani, B.6A81426.110aEnterprise manpower planning the case of INDECO Ltd.. c1991. aNKE1-4ENTwlcci-18648mMAINtBOOKlON-SHELF aNKE1-4ENTwlccmMAINtBOOKlON-SHELF aNKE1-4ENTwlccmMAINtBOOKlON-SHELF aNKE1-4ENTwlccmMAINtBOOKlON-SHELF20174 aClass code: DS 940. aCourse: Women and development. aSchool: S05. aLecturer: Dr. MILIMO, M.C. aNumber of Students: 61. 2MAIN8NKE1-4ENTc4 aReprint c170354d170354